[Event "?"]
[Site "?"]
[Date "????.??.??"]
[Round "?"]
[White "Malmdin, N."]
[Black "Dickhoff, R."]
[Result "1/2-1/2"]
[WhiteElo "2281"]
[BlackElo "2123"]
[PlyCount "119"]
[EventDate "2010.??.??"]
[WhiteTeam "Schweden 1"]
[BlackTeam "Kgl SV  Den Haag"]

1. e4 e5 2. Nf3 Nc6 3. Bb5 a6 4. Ba4 Nf6 5. d3 d6 6. O-O Be7 7. c3 O-O 8. Nbd2
b5 9. Bc2 Re8 10. a4 Rb8 11. axb5 axb5 12. h3 Bf8 13. Nh2 g6 14. Qf3 Bg7 15.
Rd1 Be6 16. Ndf1 Ra8 17. Bg5 Rxa1 18. Rxa1 h6 19. Bd2 d5 20. Ra6 Nb8 21. Ra8 c5
22. g4 g5 23. Qe2 Qc7 24. Ng3 Qb7 25. Ra1 Nc6 26. Nf5 Ra8 27. Rb1 Bf8 28. h4
Nh7 29. Nf3 f6 30. d4 c4 31. dxe5 Nxe5 32. N3d4 Bf7 33. f4 Nd3 34. e5 Re8 35.
e6 Bxe6 36. Nxe6 Qb6+ 37. Nfd4 Bc5 38. f5 Bxd4+ 39. cxd4 Nf8 40. Bxd3 Nxe6 41.
fxe6 Qxd4+ 42. Be3 cxd3 43. Bxd4 dxe2 44. hxg5 fxg5 45. Kf2 Rxe6 46. Be3 Re4
47. Kf3 Rb4 48. Kxe2 Rxg4 49. Rd1 Rb4 50. Bd4 h5 51. Kd3 Kh7 52. Rf1 h4 53. Rg1
Kg6 54. Bc3 Re4 55. Bd2 g4 56. Be1 Kg5 57. b3 g3 58. Bxg3 hxg3 59. Rxg3+ Kf5
60. Rg8 1/2-1/2

[Event "?"]
[Site "?"]
[Date "????.??.??"]
[Round "?"]
[White "Lindner, J."]
[Black "Svensson, L."]
[Result "1/2-1/2"]
[WhiteElo "2174"]
[BlackElo "2263"]
[PlyCount "56"]
[EventDate "2010.??.??"]
[WhiteTeam "Kgl SV  Den Haag"]
[BlackTeam "Schweden 1"]

1. b4 e5 2. a3 d5 3. Bb2 Bd6 4. e3 Nf6 5. Nf3 Qe7 6. Be2 O-O 7. d4 e4 8. Nfd2
c6 9. c4 Be6 10. Nc3 a6 11. c5 Bc7 12. a4 Nbd7 13. b5 Rfb8 14. Nb3 Nf8 15. Na2
axb5 16. axb5 Bd7 17. b6 Bd8 18. Nb4 Bxb6 19. Bc3 Bc7 20. Kd2 Qd8 21. h3 Ne6
22. Qc2 Rxa1 23. Rxa1 Ra8 24. Qb2 Qb8 25. Nc2 h6 26. Ba5 Bxa5+ 27. Rxa5 Rxa5
28. Nxa5 Nd8 1/2-1/2

[Event "?"]
[Site "?"]
[Date "????.??.??"]
[Round "?"]
[White "Nordstrom, F."]
[Black "Monte, P."]
[Result "1-0"]
[WhiteElo "2191"]
[BlackElo "2102"]
[PlyCount "101"]
[EventDate "2010.??.??"]
[WhiteTeam "Schweden 1"]
[BlackTeam "Kgl SV  Den Haag"]

1. d4 f5 2. Nf3 Nf6 3. g3 e6 4. Bg2 Be7 5. O-O O-O 6. c4 d6 7. Nc3 Qe8 8. b3 a5
9. Bb2 Bd8 10. Qc2 Nc6 11. e4 e5 12. dxe5 dxe5 13. exf5 Qh5 14. Nh4 Nd4 15. Qd1
c6 16. Re1 Bc7 17. Ne4 Qxd1 18. Raxd1 Nxf5 19. Nxf5 Bxf5 20. Nd6 Ng4 21. Nxb7
Nxf2 22. Kxf2 Bc8+ 23. Kg1 Bxb7 24. Bxe5 Rf7 25. c5 a4 26. b4 a3 27. Bh3 Bc8
28. Bxc8 Rxc8 29. Bxc7 Rfxc7 30. Rd3 Rb7 31. Rxa3 Rcb8 32. Re4 Rxb4 33. Rxb4
Rxb4 34. Ra6 Rb2 35. a4 Ra2 36. Rxc6 Rxa4 37. Rb6 Rc4 38. c6 Kf8 39. Kg2 h6 40.
Kf3 Ke7 41. h4 h5 42. Rb7+ Kd8 43. Rxg7 Rxc6 44. Kf4 Ke8 45. Kg5 Kf8 46. Rg6
Rc5+ 47. Kh6 Kf7 48. Rg5 Rc3 49. Kxh5 Ra3 50. g4 Kf6 51. Rb5 1-0

[Event "?"]
[Site "?"]
[Date "????.??.??"]
[Round "?"]
[White "Rodriguez Vargas, O."]
[Black "Carlsten, P."]
[Result "1-0"]
[WhiteElo "2423"]
[BlackElo "2133"]
[PlyCount "47"]
[EventDate "2010.??.??"]
[WhiteTeam "Catalonia"]
[BlackTeam "Schweden 2"]
[WhiteTeamCountry "CAT"]

1. d4 f5 2. g3 Nf6 3. Bg2 e6 4. Nh3 c6 5. c4 d6 6. Nc3 Qc7 7. e4 e5 8. O-O Be7
9. f4 exd4 10. Qxd4 fxe4 11. Ng5 O-O 12. Be3 Na6 13. f5 Ng4 14. Qxe4 Bxg5 15.
Bxg5 Qb6+ 16. Kh1 Nf2+ 17. Rxf2 Qxf2 18. Rf1 Qxb2 19. f6 Nc5 20. Qe7 Ne6 21.
Bh3 Rf7 22. Qe8+ Rf8 23. Bxe6+ Bxe6 24. Qxe6+ 1-0

[Event "?"]
[Site "?"]
[Date "????.??.??"]
[Round "?"]
[White "Wahlund, B."]
[Black "Simon Padros, E."]
[Result "0-1"]
[WhiteElo "2095"]
[BlackElo "2229"]
[PlyCount "44"]
[EventDate "2010.??.??"]
[WhiteTeam "Schweden 2"]
[BlackTeam "Catalonia"]
[BlackTeamCountry "CAT"]

1. e4 e6 2. d4 d5 3. Nc3 Bb4 4. e5 c5 5. a3 Bxc3+ 6. bxc3 Qc7 7. Nf3 Ne7 8. h4
b6 9. h5 h6 10. Rh4 Ba6 11. a4 Bxf1 12. Kxf1 Nbc6 13. dxc5 bxc5 14. Rb1 Rb8 15.
Rxb8+ Nxb8 16. Qe2 Nd7 17. Qb5 O-O 18. Bf4 Rb8 19. Qd3 Rb1+ 20. Ke2 Nf5 21. g4
Nxh4 22. Nxh4 d4 0-1

[Event "?"]
[Site "?"]
[Date "????.??.??"]
[Round "?"]
[White "Anguera Maestro, J."]
[Black "Wademark, H."]
[Result "1/2-1/2"]
[WhiteElo "2217"]
[BlackElo "2083"]
[PlyCount "53"]
[EventDate "2010.??.??"]
[WhiteTeam "Catalonia"]
[BlackTeam "Schweden 2"]
[WhiteTeamCountry "CAT"]

1. d4 d5 2. Nf3 c6 3. e3 Nf6 4. Bd3 Nbd7 5. c4 e6 6. Nc3 Bd6 7. O-O O-O 8. e4
dxe4 9. Nxe4 Nxe4 10. Bxe4 h6 11. Bc2 Re8 12. Qd3 Nf8 13. Be3 b6 14. Rad1 Bb7
15. c5 Bc7 16. Qc3 Rc8 17. b4 a5 18. a3 Ba6 19. Rfe1 axb4 20. axb4 Bb5 21. Ra1
Nd7 22. Qd2 Qf6 23. Ra7 Red8 24. Qc1 bxc5 25. bxc5 e5 26. Rxc7 Rxc7 27. dxe5
1/2-1/2

[Event "?"]
[Site "?"]
[Date "????.??.??"]
[Round "?"]
[White "Andersson, S."]
[Black "Poyato Sala, J."]
[Result "0-1"]
[WhiteElo "2068"]
[BlackElo "2216"]
[PlyCount "79"]
[EventDate "2010.??.??"]
[WhiteTeam "Schweden 2"]
[BlackTeam "Catalonia"]
[BlackTeamCountry "CAT"]

1. d4 d5 2. Nf3 Nf6 3. g3 Bf5 4. Bg2 e6 5. O-O Be7 6. c4 c6 7. Nc3 h6 8. Qb3
Qb6 9. c5 Qc7 10. Bf4 Qc8 11. Nd2 g5 12. Be5 Nbd7 13. e4 dxe4 14. Ncxe4 Nxe5
15. Nxf6+ Bxf6 16. dxe5 Bxe5 17. Nc4 Bc7 18. Qc3 O-O 19. Qf6 Bg6 20. Rad1 Rd8
21. Rfe1 Rd7 22. Ne3 Qd8 23. Qc3 h5 24. Rxd7 Qxd7 25. Rd1 Qe7 26. Qb4 Be5 27.
Nc4 Bf6 28. Nd6 Rd8 29. Rc1 Rd7 30. Be4 Bxe4 31. Nxe4 Be5 32. Qb3 Rd5 33. Rd1
f5 34. Nc3 Bxc3 35. bxc3 Kf7 36. Rd4 Qd7 37. Qd1 Kg6 38. f4 g4 39. Kf2 Kf6 40.
Ke3 0-1

[Event "?"]
[Site "?"]
[Date "????.??.??"]
[Round "?"]
[White "Gunnarsson, G."]
[Black "Böhnisch, M."]
[Result "0-1"]
[WhiteElo "2231"]
[BlackElo "2337"]
[PlyCount "62"]
[EventDate "2010.??.??"]
[WhiteTeam "KR Reykjavik"]
[BlackTeam "Leipzig"]

1. d4 d5 2. c4 c6 3. Nc3 Nf6 4. Nf3 dxc4 5. e4 b5 6. e5 Nd5 7. Be2 Bf5 8. Nh4
Nxc3 9. bxc3 Be4 10. O-O e6 11. Nf3 Nd7 12. a4 Nb6 13. Ng5 Bd5 14. axb5 h6 15.
Nh3 cxb5 16. Nf4 Be7 17. Bf3 Bg5 18. Bxd5 Nxd5 19. Nxd5 Qxd5 20. Qg4 Bxc1 21.
Rfxc1 O-O 22. Ra6 Rfd8 23. f3 Qb7 24. Rca1 b4 25. cxb4 Qxb4 26. Qe4 c3 27. R6a4
Qb6 28. Rb1 Qc7 29. Rc1 Rac8 30. Ra3 Qb6 31. Rb1 c2 0-1

[Event "?"]
[Site "?"]
[Date "????.??.??"]
[Round "?"]
[White "Gunnarsson, M."]
[Black "Böhlig, H."]
[Result "0-1"]
[WhiteElo "2107"]
[BlackElo "2242"]
[PlyCount "62"]
[EventDate "2010.??.??"]
[WhiteTeam "KR Reykjavik"]
[BlackTeam "Leipzig"]

1. c4 e5 2. g3 Nc6 3. Bg2 Nf6 4. Nc3 Bb4 5. Nd5 Bc5 6. d3 O-O 7. Nf3 h6 8. O-O
d6 9. Nd2 Nxd5 10. cxd5 Ne7 11. Nb3 Bb6 12. d4 exd4 13. Nxd4 Nf5 14. Nxf5 Bxf5
15. a4 Re8 16. a5 Bc5 17. Ra4 a6 18. Rf4 Qd7 19. b4 Ba7 20. e4 Bg6 21. Bb2 Re7
22. Qd2 Rf8 23. Rh4 f5 24. Bh3 Qe8 25. Qc3 fxe4 26. Rxh6 Rxf2 27. Be6+ Rff7+
28. Kg2 Rxe6 29. dxe6 Qxe6 30. Rxf7 Qxf7 31. Rh4 Qf2+ 0-1

[Event "?"]
[Site "?"]
[Date "????.??.??"]
[Round "?"]
[White "Hoen, R."]
[Black "Potthammel, J."]
[Result "1-0"]
[WhiteElo "2259"]
[BlackElo "2117"]
[PlyCount "57"]
[EventDate "2010.??.??"]
[WhiteTeam "Norwegen 1"]
[BlackTeam "Mecklenburg-Vorp.1"]

1. e4 c6 2. d4 d5 3. Nc3 dxe4 4. Nxe4 Bf5 5. Ng3 Bg6 6. Nf3 Nd7 7. h4 h6 8. Bd3
Bxd3 9. Qxd3 Ngf6 10. O-O e6 11. Re1 Be7 12. Qb3 Qb6 13. Qc4 Nd5 14. Bd2 Qc7
15. a4 O-O 16. Qd3 Nb4 17. Qb3 Nd5 18. c4 N5f6 19. Ne5 c5 20. Nxd7 Qxd7 21. d5
exd5 22. Qf3 Ne4 23. Nf5 Kh8 24. Bxh6 gxh6 25. Qf4 Bg5 26. hxg5 hxg5 27. Qg4 f6
28. cxd5 Rae8 29. Rxe4 1-0

[Event "?"]
[Site "?"]
[Date "????.??.??"]
[Round "?"]
[White "Gundersen, H."]
[Black "Krüger, G."]
[Result "1-0"]
[WhiteElo "2220"]
[BlackElo "2019"]
[PlyCount "119"]
[EventDate "2010.??.??"]
[WhiteTeam "Norwegen 1"]
[BlackTeam "Mecklenburg-Vorp.1"]

1. b3 c5 2. Bb2 e6 3. e3 d5 4. f4 Nf6 5. Nf3 a6 6. Be2 b6 7. O-O Bb7 8. Ne5 Be7
9. Qe1 O-O 10. Qg3 Ne4 11. Qh3 f5 12. d3 Nd6 13. Nd2 Bf6 14. Ndf3 Nc6 15. Ng5
Bxg5 16. fxg5 Qxg5 17. Rf3 d4 18. Rg3 Qe7 19. Nxc6 Bxc6 20. exd4 cxd4 21. Bxd4
e5 22. Re3 e4 23. Rg3 Rf7 24. Bh5 Rf6 25. Qh4 Raf8 26. Bxf6 Rxf6 27. Qf4 g6 28.
d4 Nb5 29. Rd1 Qf8 30. Be2 Rd6 31. Qe5 Qf6 32. Qxf6 Rxf6 33. a4 Nc7 34. Rc3 Nd5
35. Bc4 Kg7 36. Bxd5 Bxd5 37. Rc7+ Bf7 38. d5 Rd6 39. Rc6 Rxd5 40. Rxd5 Bxd5
41. Rxb6 e3 42. g3 g5 43. Rxa6 f4 44. Ra5 Be4 45. Rxg5+ Kf6 46. gxf4 Bxc2 47.
Rb5 Bd3 48. Rc5 Ke6 49. b4 Kd6 50. a5 Ba6 51. f5 Bd3 52. Kg2 Be4+ 53. Kf1 Bd3+
54. Ke1 h6 55. f6 Ke6 56. Rc6+ Kf7 57. a6 Bb5 58. Rb6 Bd3 59. a7 Be4 60. Ke2
1-0

[Event "?"]
[Site "?"]
[Date "????.??.??"]
[Round "?"]
[White "Schroeder, C."]
[Black "Hjertenes, O."]
[Result "0-1"]
[WhiteElo "2071"]
[BlackElo "2201"]
[PlyCount "74"]
[EventDate "2010.??.??"]
[WhiteTeam "Mecklenburg-Vorp.1"]
[BlackTeam "Norwegen 1"]

1. c4 d6 2. d4 g6 3. Nc3 Bg7 4. e4 Nd7 5. f4 e6 6. Nf3 Ne7 7. Be2 O-O 8. O-O a6
9. Be3 c6 10. a4 d5 11. Qd2 dxe4 12. Nxe4 Nf6 13. Nxf6+ Bxf6 14. g4 Bd7 15. b4
b5 16. Ne5 bxc4 17. Bxc4 Nd5 18. Bxd5 exd5 19. f5 gxf5 20. Nxd7 Qxd7 21. Rxf5
Bg7 22. Bh6 f6 23. Bf4 Rfe8 24. Re1 Rxe1+ 25. Qxe1 Re8 26. Qd2 Re4 27. Kf2 Qe6
28. h3 Bf8 29. Rh5 Bxb4 30. Qc2 Rxf4+ 31. Kg3 Qe3+ 32. Kg2 Qf3+ 33. Kh2 Qf2+
34. Qxf2 Rxf2+ 35. Kg3 Be1 36. g5 Rf5+ 37. Kg4 Rxg5+ 0-1

[Event "?"]
[Site "?"]
[Date "????.??.??"]
[Round "?"]
[White "Sloth, J."]
[Black "Lyly, S."]
[Result "1/2-1/2"]
[WhiteElo "2300"]
[BlackElo "1991"]
[PlyCount "81"]
[EventDate "2010.??.??"]
[WhiteTeam "Dänemark 1"]
[BlackTeam "Stadi"]

1. c4 c5 2. b3 Nc6 3. Bb2 e5 4. e3 Nf6 5. Nf3 d6 6. Nc3 Be7 7. Be2 O-O 8. O-O
Bg4 9. d4 Re8 10. d5 Nb8 11. e4 Bf8 12. Ne1 Bxe2 13. Qxe2 Na6 14. Nd3 Nc7 15.
a4 g6 16. Bc1 Bg7 17. Bg5 Qd7 18. Bxf6 Bxf6 19. Rfb1 a5 20. Nd1 Bg7 21. Ne3 Rf8
22. Rf1 f5 23. f3 b6 24. Rae1 Rf7 25. g4 f4 26. Nd1 Qe7 27. Qg2 Bf6 28. Re2 Rg7
29. Kh1 Kf7 30. Rg1 h6 31. Qh3 Bg5 32. Kg2 Rh8 33. Kf1 Ne8 34. Qg2 Bh4 35. N1f2
Bf6 36. Ke1 g5 37. Kd1 Rgh7 38. Kc2 Ng7 39. Kb1 Ne8 40. Kc2 Ng7 41. Kb1 1/2-1/2

[Event "?"]
[Site "?"]
[Date "????.??.??"]
[Round "?"]
[White "Sorensen, B."]
[Black "Hall, R."]
[Result "1-0"]
[WhiteElo "2240"]
[BlackElo "1840"]
[PlyCount "67"]
[EventDate "2010.??.??"]
[WhiteTeam "Dänemark 1"]
[BlackTeam "Stadi"]

1. Nf3 e6 2. g3 f5 3. Bg2 Nf6 4. O-O Be7 5. b3 O-O 6. Bb2 d6 7. d4 d5 8. Ne5
Nbd7 9. f3 Nxe5 10. dxe5 Nd7 11. e4 fxe4 12. fxe4 c6 13. Nd2 b6 14. Qe2 Bc5+
15. Kh1 Bb7 16. exd5 cxd5 17. c4 Rxf1+ 18. Rxf1 Nf8 19. cxd5 Bxd5 20. Ne4 Qe7
21. Qg4 Kh8 22. Nd6 Bxg2+ 23. Kxg2 Bxd6 24. exd6 Qb7+ 25. Kh3 Rd8 26. Qg5 Re8
27. Qf4 Qc8 28. Rc1 Qd8 29. Rc7 e5 30. Bxe5 Ne6 31. Qg4 Ng5+ 32. Kg2 Qa8+ 33.
Kg1 h6 34. Qd7 1-0

[Event "?"]
[Site "?"]
[Date "????.??.??"]
[Round "?"]
[White "Stähle, S."]
[Black "Nielsen, P."]
[Result "0-1"]
[WhiteElo "1678"]
[BlackElo "2114"]
[PlyCount "76"]
[EventDate "2010.??.??"]
[WhiteTeam "Stadi"]
[BlackTeam "Dänemark 1"]

1. e4 d6 2. d4 g6 3. Nc3 Bg7 4. Be3 Nf6 5. f3 Nbd7 6. Qd2 e5 7. Nge2 Nb6 8. Ng3
Be6 9. d5 Bd7 10. h4 h5 11. Bd3 c5 12. dxc6 bxc6 13. O-O-O Be6 14. b3 d5 15.
exd5 cxd5 16. Bb5+ Kf8 17. Bg5 Qc7 18. Nge2 Qc5 19. Bd3 Rc8 20. Kb2 Kg8 21. Qe1
Nfd7 22. Bd2 f5 23. Nb5 Nc4+ 24. Bxc4 dxc4 25. Nec3 a6 26. Be3 Qf8 27. Nd6 Rc7
28. Na4 cxb3 29. axb3 Qb8 30. Qe2 Rc6 31. Qd2 Bf8 32. Bc5 Nxc5 33. Nxc5 Rxc5
34. Qg5 Kh7 35. Qf6 Bxb3 36. Nf7 Bxf7+ 37. Kc1 Rc7 38. Qxe5 Rxc2+ 0-1

[Event "?"]
[Site "?"]
[Date "????.??.??"]
[Round "?"]
[White "Kristiansen, E."]
[Black "Liebert, H."]
[Result "1/2-1/2"]
[WhiteElo "2208"]
[BlackElo "2255"]
[PlyCount "24"]
[EventDate "2010.??.??"]
[WhiteTeam "Arctic Team"]
[BlackTeam "Sachsen-Anhalt"]

1. d4 Nf6 2. c4 e6 3. Nc3 Bb4 4. Qc2 c5 5. Nf3 cxd4 6. Nxd4 Nc6 7. Nxc6 bxc6 8.
a3 Be7 9. e4 d6 10. Be2 O-O 11. O-O e5 12. Bf3 Nd7 1/2-1/2

[Event "?"]
[Site "?"]
[Date "????.??.??"]
[Round "?"]
[White "Csulits, A."]
[Black "Svenske, J."]
[Result "1-0"]
[WhiteElo "2222"]
[BlackElo "1844"]
[PlyCount "67"]
[EventDate "2010.??.??"]
[WhiteTeam "Sachsen-Anhalt"]
[BlackTeam "Arctic Team"]

1. d4 d5 2. Nf3 Nf6 3. g3 g6 4. Bg2 Bg7 5. O-O O-O 6. Ne5 c6 7. c4 dxc4 8. Nxc4
Nbd7 9. Nc3 Nb6 10. Ne5 Ng4 11. f4 Nxe5 12. fxe5 Be6 13. a4 a5 14. e3 Qd7 15.
Ne4 Bd5 16. Nc5 Qc7 17. e4 Bc4 18. Rf2 Rfd8 19. b3 Bxe5 20. Rd2 Bg7 21. bxc4
Nxc4 22. Rd3 b6 23. Nb3 c5 24. d5 Bxa1 25. Nxa1 Qe5 26. Nb3 Nd6 27. Bf4 Qb2 28.
Bxd6 exd6 29. Nd2 Qb4 30. Qc2 Rac8 31. Nc4 Qe1+ 32. Bf1 Qxe4 33. Nxd6 Qe5 34.
Nxc8 1-0

[Event "?"]
[Site "?"]
[Date "????.??.??"]
[Round "?"]
[White "Flotten, E."]
[Black "Hamm, G."]
[Result "0-1"]
[WhiteElo "1794"]
[BlackElo "2124"]
[PlyCount "47"]
[EventDate "2010.??.??"]
[WhiteTeam "Arctic Team"]
[BlackTeam "Sachsen-Anhalt"]

1. e4 d6 2. f4 Nf6 3. Nc3 c6 4. Nf3 Bg4 5. h3 Bxf3 6. Qxf3 e5 7. fxe5 dxe5 8.
Bc4 Be7 9. d3 Nbd7 10. O-O O-O 11. a3 a5 12. Be3 Bc5 13. Bxc5 Nxc5 14. b4 axb4
15. axb4 Rxa1 16. Rxa1 Qd4+ 17. Qf2 Qxc3 18. Ra7 Qxb4 19. Qf5 Qb6 20. Ra2
Ncxe4+ 21. Kh2 Nd6 22. Qxe5 Nxc4 23. dxc4 Re8 24. Qd6 0-1

[Event "?"]
[Site "?"]
[Date "????.??.??"]
[Round "?"]
[White "Liebscher, H."]
[Black "Olsen, B."]
[Result "1/2-1/2"]
[WhiteElo "2107"]
[BlackElo "1694"]
[PlyCount "41"]
[EventDate "2010.??.??"]
[WhiteTeam "Sachsen-Anhalt"]
[BlackTeam "Arctic Team"]

1. e4 e5 2. Nf3 d6 3. d4 exd4 4. Nxd4 Be7 5. Nc3 c6 6. Qf3 Nf6 7. Nf5 Bxf5 8.
Qxf5 Qd7 9. Qf3 b5 10. Nxb5 cxb5 11. e5 d5 12. exf6 Bxf6 13. a4 bxa4 14. c4 Nc6
15. cxd5 Nd4 16. Qd1 O-O 17. Rxa4 Rfc8 18. Be3 Qxd5 19. Rg1 Qc5 20. Rc4 Qa5+
21. Qd2 1/2-1/2

[Event "?"]
[Site "?"]
[Date "????.??.??"]
[Round "?"]
[White "Lerstad, B."]
[Black "Nagorni, W."]
[Result "0-1"]
[WhiteElo "1825"]
[BlackElo "2093"]
[PlyCount "82"]
[EventDate "2010.??.??"]
[WhiteTeam "Blindern Oldtimers"]
[BlackTeam "Widukind 1"]

1. d4 Nf6 2. c4 c5 3. d5 e6 4. Nc3 exd5 5. cxd5 d6 6. e4 g6 7. Be2 Bg7 8. Nf3
O-O 9. O-O a6 10. a4 Bg4 11. Nd2 Bxe2 12. Qxe2 Re8 13. Qd3 Nbd7 14. Nc4 Ne5 15.
Nxe5 Rxe5 16. Bf4 Re8 17. f3 Nh5 18. Be3 f5 19. Rad1 f4 20. Bf2 Qg5 21. Qd2 Qe5
22. Rb1 g5 23. h3 Rab8 24. Qd3 Ng3 25. Rfd1 h5 26. Ne2 Nxe2+ 27. Qxe2 b5 28.
Be1 b4 29. b3 g4 30. Qxa6 gxh3 31. gxh3 Qg5+ 32. Kh2 Bd4 33. Qf1 Kh7 34. Rd2
Rg8 35. Rg2 Qf6 36. Bf2 Rxg2+ 37. Qxg2 Rg8 38. Qf1 Be3 39. Qe2 Qc3 40. Bh4 c4
41. bxc4 b3 0-1

[Event "?"]
[Site "?"]
[Date "????.??.??"]
[Round "?"]
[White "Rychlik, K."]
[Black "Bergersen, P."]
[Result "1/2-1/2"]
[WhiteElo "2075"]
[BlackElo "1490"]
[PlyCount "88"]
[EventDate "2010.??.??"]
[WhiteTeam "Widukind 1"]
[BlackTeam "Blindern Oldtimers"]

1. c4 e6 2. d4 b6 3. Nc3 Bb7 4. e4 Bb4 5. Bd3 f5 6. Qe2 Nf6 7. Bg5 fxe4 8. Bxe4
Bxe4 9. Bxf6 Qxf6 10. Qxe4 Nc6 11. Nf3 O-O 12. O-O Bxc3 13. bxc3 Qf5 14. Qe2 d6
15. Nh4 Qf6 16. g3 Rae8 17. f4 Kh8 18. Rae1 Na5 19. Rf3 Qf7 20. Re3 g6 21. Nf3
h6 22. d5 Qf6 23. Nd4 e5 24. fxe5 Rxe5 25. Rxe5 dxe5 26. Ne6 Rf7 27. c5 Nb7 28.
cxb6 axb6 29. Qxe5 Qxe5 30. Rxe5 Rf3 31. c4 Rf7 32. Kg2 Nd6 33. c5 bxc5 34.
Nxc5 Nc4 35. Re8+ Kg7 36. Ne6+ Kf6 37. Rc8 Ne3+ 38. Kf3 Nxd5 39. Nf4 Nxf4 40.
Kxf4 Ke6+ 41. Ke3 Kd7 42. Ra8 Rf6 43. a4 c6 44. Rh8 h5 1/2-1/2

[Event "?"]
[Site "?"]
[Date "????.??.??"]
[Round "?"]
[White "Mostertman, L."]
[Black "Bukacek, E."]
[Result "1/2-1/2"]
[WhiteElo "2077"]
[BlackElo "2181"]
[PlyCount "28"]
[EventDate "2010.??.??"]
[WhiteTeam "Oranjeteam 2"]
[BlackTeam "Wien 2"]

1. e4 e5 2. Nf3 d6 3. d4 Nf6 4. dxe5 Nxe4 5. Qd5 Nc5 6. Bg5 Qd7 7. exd6 Bxd6 8.
Nc3 c6 9. Qd2 Qe6+ 10. Be2 Be7 11. O-O-O O-O 12. Nd4 Qd7 13. g4 Nba6 14. Kb1
Re8 1/2-1/2

[Event "?"]
[Site "?"]
[Date "????.??.??"]
[Round "?"]
[White "Stuerzenbaum, A."]
[Black "Versteeg, C."]
[Result "1/2-1/2"]
[WhiteElo "2192"]
[BlackElo "2052"]
[PlyCount "48"]
[EventDate "2010.??.??"]
[WhiteTeam "Wien 2"]
[BlackTeam "Oranjeteam 2"]

1. e4 c5 2. Nf3 Nc6 3. d4 cxd4 4. Nxd4 Nf6 5. Nc3 e5 6. Ndb5 Bb4 7. a3 Bxc3+ 8.
Nxc3 h6 9. Be3 d6 10. Be2 O-O 11. O-O Be6 12. Bf3 Qd7 13. Qd2 Ng4 14. Bxg4 Bxg4
15. f3 Be6 16. Rad1 Na5 17. Nd5 Nc4 18. Qc1 Bxd5 19. Rxd5 Nxe3 20. Qxe3 Qc6 21.
Rf2 Rfd8 22. Rfd2 Kf8 23. h3 Ke7 24. Kh1 g5 1/2-1/2

[Event "?"]
[Site "?"]
[Date "????.??.??"]
[Round "?"]
[White "Westerman, H."]
[Black "Teichmeister, S."]
[Result "1/2-1/2"]
[WhiteElo "1909"]
[BlackElo "2092"]
[PlyCount "43"]
[EventDate "2010.??.??"]
[WhiteTeam "Oranjeteam 2"]
[BlackTeam "Wien 2"]

1. c4 c5 2. g3 g6 3. Bg2 Nc6 4. Nc3 Bg7 5. Rb1 d6 6. d3 e5 7. e4 Nge7 8. Nge2
O-O 9. O-O Rb8 10. h3 Be6 11. Nd5 Qd7 12. Kh2 Nd4 13. Nxe7+ Qxe7 14. Nxd4 exd4
15. Bd2 b5 16. b3 bxc4 17. bxc4 Rxb1 18. Qxb1 Qc7 19. Qc2 Rb8 20. Rb1 Rxb1 21.
Qxb1 Qb6 22. Qb3 1/2-1/2

[Event "?"]
[Site "?"]
[Date "????.??.??"]
[Round "?"]
[White "Van Geffen, B."]
[Black "Ofstad, P."]
[Result "0-1"]
[WhiteElo "2174"]
[BlackElo "2187"]
[PlyCount "66"]
[EventDate "2010.??.??"]
[WhiteTeam "Oranjeteam 1"]
[BlackTeam "Norwegen Ost"]

1. e4 e5 2. Nf3 Nc6 3. Bb5 a6 4. Ba4 Nf6 5. O-O Nxe4 6. d4 b5 7. Bb3 d5 8. dxe5
Be6 9. Qe2 Be7 10. Rd1 O-O 11. c4 bxc4 12. Bxc4 Qd7 13. Nc3 Nxc3 14. bxc3 f6
15. exf6 Bxf6 16. Bg5 Kh8 17. Bxf6 Rxf6 18. Bxa6 Bg4 19. Bd3 Raf8 20. Qe3 Bxf3
21. gxf3 Rxf3 22. Qg5 Qf7 23. Rd2 Rf4 24. Re1 h6 25. Qg2 Ne7 26. Qg3 c6 27. h3
Rf6 28. Qe3 Nf5 29. Bxf5 Rxf5 30. a4 Rf3 31. Qe6 Qa7 32. Qxc6 Rxf2 33. Rd4 Qb8
0-1

[Event "?"]
[Site "?"]
[Date "????.??.??"]
[Round "?"]
[White "Nordby, B."]
[Black "Van Oosten, A."]
[Result "1/2-1/2"]
[WhiteElo "2128"]
[BlackElo "2141"]
[PlyCount "66"]
[EventDate "2010.??.??"]
[WhiteTeam "Norwegen Ost"]
[BlackTeam "Oranjeteam 1"]

1. d4 f5 2. Nf3 Nf6 3. g3 e6 4. Bg2 d5 5. O-O Bd6 6. c4 c6 7. b3 Qe7 8. Bb2 O-O
9. Nbd2 b6 10. Ne5 Bb7 11. Rc1 Na6 12. Ndf3 Rac8 13. e3 Ne4 14. Qe2 Nb8 15. Ne1
a5 16. f3 Nf6 17. N1d3 Na6 18. f4 Ne4 19. cxd5 cxd5 20. g4 Nb8 21. gxf5 exf5
22. Kh1 Ba6 23. Bf3 Qh4 24. Qe1 Qh6 25. Rg1 Rxc1 26. Bxc1 Rc8 27. Rg2 Nc6 28.
Rc2 Nb4 29. Rxc8+ Bxc8 30. Bd2 Nxd3 31. Nxd3 Ba6 32. Ne5 Be7 33. Qc1 Qd6
1/2-1/2

[Event "?"]
[Site "?"]
[Date "????.??.??"]
[Round "?"]
[White "Holscher, P."]
[Black "Jenkins, T  I."]
[Result "1-0"]
[WhiteElo "2043"]
[BlackElo "1969"]
[PlyCount "35"]
[EventDate "2010.??.??"]
[WhiteTeam "Oranjeteam 1"]
[BlackTeam "Norwegen Ost"]

1. d4 d5 2. Nf3 Nf6 3. c4 e6 4. Nc3 Be7 5. g3 O-O 6. Bg2 b6 7. O-O Bb7 8. b3
Nbd7 9. Bb2 c5 10. cxd5 cxd4 11. Nxd4 Nxd5 12. Nxd5 exd5 13. Rc1 Rc8 14. Rxc8
Qxc8 15. Nf5 Qd8 16. Bxg7 Re8 17. Qd4 Bf6 18. Qg4 1-0

[Event "?"]
[Site "?"]
[Date "????.??.??"]
[Round "?"]
[White "Schröter, H."]
[Black "Pamperin, G."]
[Result "0-1"]
[WhiteElo "2110"]
[BlackElo "2007"]
[PlyCount "96"]
[EventDate "2010.??.??"]
[WhiteTeam "SV TuR Dresden"]
[BlackTeam "Mecklenburg-Vorp 2"]

1. e4 e6 2. d4 d5 3. Nd2 Nf6 4. e5 Nfd7 5. Bd3 c5 6. c3 Nc6 7. Ndf3 cxd4 8.
cxd4 Qb6 9. Ne2 Bb4+ 10. Bd2 f5 11. exf6 Nxf6 12. O-O O-O 13. Rc1 Bd6 14. Bc3
Bd7 15. Re1 Rae8 16. Ng3 Bc8 17. Bb1 g6 18. Qd2 Qc7 19. Qg5 Qg7 20. Re2 Ne4 21.
Nxe4 Bf4 22. Qh4 Bxc1 23. Nd6 Re7 24. Qg4 Bd7 25. Ne5 Rf4 26. Qg5 Rxf2 27. Qxc1
Rxe2 28. Bd3 Rxe5 29. dxe5 d4 30. Bd2 Qxe5 31. Bf4 Qa5 32. Bg5 Qb6 33. Qf1 Qd8
34. Qf6 Qf8 35. Qxf8+ Kxf8 36. Bxe7+ Kxe7 37. Nxb7 Nb4 38. Bc4 e5 39. a3 Nc2
40. Bd3 Ne3 41. Nc5 Bc6 42. g3 Nd1 43. b4 Nc3 44. Kf1 e4 45. Bc4 Kd6 46. Ke1 e3
47. Bg8 h6 48. Bf7 g5 0-1

[Event "?"]
[Site "?"]
[Date "????.??.??"]
[Round "?"]
[White "Oldach, E."]
[Black "Winter, K."]
[Result "1/2-1/2"]
[WhiteElo "2070"]
[BlackElo "2077"]
[PlyCount "119"]
[EventDate "2010.??.??"]
[WhiteTeam "Mecklenburg-Vorp 2"]
[BlackTeam "SV TuR Dresden"]

1. e4 d5 2. exd5 Qxd5 3. Nc3 Qa5 4. d4 Nf6 5. Bd2 Bf5 6. Nf3 c6 7. Bc4 e6 8.
Qe2 Bb4 9. O-O O-O 10. a3 Bxc3 11. Bxc3 Qc7 12. Ne5 Nbd7 13. f4 c5 14. Nxd7
Nxd7 15. d5 exd5 16. Bxd5 Qb6 17. Qf2 Nf6 18. Bf3 Ne4 19. Bxe4 Bxe4 20. f5 f6
21. Rfe1 Qc6 22. Re2 b6 23. Rae1 Rfe8 24. Qf4 Bd5 25. Qd2 Bf7 26. Re7 Rxe7 27.
Rxe7 Re8 28. Qd7 Qxd7 29. Rxd7 Ra8 30. Bd2 Be8 31. Rc7 h5 32. Bf4 h4 33. Kf2
Bh5 34. h3 Bd1 35. c3 Bc2 36. Rb7 Bxf5 37. Rb8+ Rxb8 38. Bxb8 b5 39. Bxa7 c4
40. Kf3 Kf7 41. Bf2 g5 42. Bb6 Kg6 43. Bd8 Bd7 44. Ke3 Bc6 45. Kf2 f5 46. Be7
Kh5 47. Bd8 g4 48. hxg4+ Kxg4 49. Be7 f4 50. Bd8 h3 51. gxh3+ Kxh3 52. Bc7 Kg4
53. Bd6 Kf5 54. Bc7 Ke4 55. Bd6 f3 56. Bc5 Kd3 57. Bb4 Kc2 58. Ke3 Kxb2 59. Kf2
Kc2 60. Ba5 1/2-1/2

[Event "?"]
[Site "?"]
[Date "????.??.??"]
[Round "?"]
[White "Appelt, G."]
[Black "Kühn, P."]
[Result "1/2-1/2"]
[WhiteElo "2065"]
[BlackElo "2019"]
[PlyCount "52"]
[EventDate "2010.??.??"]
[WhiteTeam "SV TuR Dresden"]
[BlackTeam "Mecklenburg-Vorp 2"]

1. e4 c5 2. Nf3 e6 3. b3 Nc6 4. Bb2 d6 5. Be2 Nf6 6. d3 Be7 7. O-O Qc7 8. Re1
O-O 9. Nbd2 Rd8 10. Nf1 d5 11. exd5 Nxd5 12. Ne3 Nxe3 13. fxe3 b6 14. Bf1 Bb7
15. Qe2 Rd7 16. Rad1 Rad8 17. Qf2 h6 18. Be2 Rf8 19. Kh1 Rfd8 20. Rf1 Rf8 21.
e4 Bd6 22. d4 cxd4 23. Nxd4 Bc5 24. Nb5 Bxf2 25. Nxc7 Rxd1 26. Rxd1 Rd8 1/2-1/2